• 首页
  • 本馆介绍
  • 公告通知
  • 最新文献
  • 馆藏检索
  • 电子资源
  • 读者导购
  • 参考咨询
  • 我的图书馆
  • 登录
  • 详细信息显示
  • 放入我的书架
  • 预约/预借图书
  • 作者相关作品
  • 分类相关作品
  • 丛书相关作品
  • 出版社相关作品

书目信息

  • 表格格式
  • 工作单格式
  • 卡片格式
题名:
口腔护理临床操作流程
    
 
作者: 高玉琴 主编
分册:  
出版信息: 沈阳   辽宁科学技术出版社  2018
页数: 10, 238页
开本: 24cm
丛书名:
单 册:
中图分类: R473.78-65 , R473.78
科图分类:
主题词: 口腔科学--kou qiang ke xue--护理学--技术操作规程
电子资源:
ISBN: 978-7-5591-0771-8
000 00988nam0 2200253 450
001 1956226236
005 20190313195549.7
010    @a978-7-5591-0771-8@dCNY 49.80
099    @aCAL 012019025801
100    @a20190313d2018 em y0chiy50 ea
101 0  @achi
102    @aCN@b210000
105    @aa z 000yy
200 1  @a口腔护理临床操作流程@Akou qiang hu li lin chuang cao zuo liu cheng@d= Clinical operation process in dental nursing care@f高玉琴主编@FGao Yu Qin Zhu Bian@zeng
210    @a沈阳@c辽宁科学技术出版社@d2018
215    @a10, 238页@c图@d24cm
330    @a本书包括12章98节,以护理工作流程为主线,在明确基本概念、适应证及目的的基础上,介绍了接诊前的准备、治疗过程、护理配合及健康教育。
510 1  @aClinical operation process in dental nursing care@zeng
606 0  @a口腔科学@Akou qiang ke xue@x护理学@x技术操作规程
690    @aR473.78-65@v5
690    @aR473.78@v4
701  0 @a高玉琴@Agao yu qin@4主编
801  0 @aCN@bHST@c20190313
905    @aBZT@dR473.78@e2
    
    口腔护理临床操作流程= Clinical operation process in dental nursing care/高玉琴主编.-沈阳:辽宁科学技术出版社,2018
    10, 238页:图;24cm
    
    
    ISBN 978-7-5591-0771-8:CNY 49.80
    本书包括12章98节,以护理工作流程为主线,在明确基本概念、适应证及目的的基础上,介绍了接诊前的准备、治疗过程、护理配合及健康教育。
●
相关链接 在五车中查询图书 在当当中查询图书 在豆瓣中查询图书


正题名:口腔护理临床操作流程     索取号:R473.78/2         预约/预借

序号 登录号 条形码 馆藏地/架位号 状态 备注
1 864979   2000864979   第二书库/ [索取号:R473.78/2] 在馆    
2 864980   2000864980   第二书库/ [索取号:R473.78/2] 在馆    
3 864981   2000864981   第二书库/ [索取号:R473.78/2] 在馆    
山东省滨州职业学院图书馆 欢迎您!
大连网信软件有限公司© 版权所有